Cricket: Most Individual Career Test Hundreds - Statistics

General Stats
  • This quiz has been taken 54 times
  • The average score is 18 of 20
Answer Stats
Country Years 100s Answer % Correct
IND 1989-2013 51 Sachin Tendulkar
98%
WI 1990-2006 34 Brian Lara
96%
SA 1995-2013 45 Jacques Kallis
96%
AUS 1995-2012 41 Ricky Ponting
96%
ENG 2006-2018 33 Sir Alastair Cook
96%
SL 2000-2015 38 Kumar Sangakkara
93%
AUS 2010-2021* 27 Steve Smith
93%
SA 2002-2014 27 Graeme Smith
91%
AUS 1928-1948 29 Sir Donald Bradman
91%
IND 1996-2012 36 Rahul Dravid
89%
IND 1971-1987 34 Sunil Gavaskar
87%
IND 2011-2021* 27 Virat Kohli
87%
PAK 2000-2017 34 Younis Khan
87%
SL 1997-2014 34 Mahela Jayawardene
85%
AUS 1994-2009 30 Matthew Hayden
85%
WI 1994-2015 30 Shivnarine Chanderpaul
80%
AUS 1985-2004 32 Steve Waugh
80%
AUS 2004-2015 28 Michael Clarke
78%
AUS 1978-1994 27 Allan Border
76%
SA 2004-2019 28 Hashim Amla
74%
No matching quizzes found
Score Distribution
Percent of People with Each Score
Percentile by Number Answered
Your Score History
You have not taken this quiz